Aladino e a lâmpada maravilhosa (Registo nº 2025)

Detalhes MARC
000 -Etiqueta do registo
Cabeçalho 00755nam a22002411 4500
005 - Identificador da versão
Campo de controlo 20240827113323.0
021 ## - Número do Depósito Legal
Código do país PT
Número 5200/84
100 ## - Dados gerais de processamento
Dados gerais de processamento 20030930d1984 da y0pory5003 ba
101 1# - Língua de publicação
Língua do texto, banda sonora, etc. Português
102 ## - Pais de publicação ou produção
País de publicação Portugal
105 ## - Campo de dados codificados: livros
Dados codificados dos livros a z 000fy
106 ## - Campo de dados codificados: material textual
Dados codificados do material textual r
200 1# - Titulo e menção de responsabilidade
Título próprio Aladino e a lâmpada maravilhosa
Informação de outro título um conto das mil e uma noites
Primeira menção de responsabilidade il. Élisabeth Ivanovsky
Outras menções de responsabilidade versão port. Ricardo Alberty
210 ## - Publicação, Distribuição, etc. 
Lugar da edição, distribuição, etc. Lisboa
Nome do editor, distribuidor, etc. Verbo
Data da publicação, distribuição, etc. imp. 1984
215 ## - Descrição física 
Indicação específica da natureza do documento e extensão da espécie 29 p.
Outras indicações físicas muito il.
Dimensões 31 cm
225 2# - Colecção 
Título próprio da colecção Verbo infantil gigante
Indicação de volume 21
606 ## - Nome comum usado como assunto
Número de registo de entrada de autoridade 0000015
Palavra de ordem Literatura estrangeira infanto-juvenil
Subdivisão de assunto Conto
675 ## - Classificação Decimal Universal (CDU)
Notação 82-34
Edição
Língua da edição por
701 #1 - Nome de autor-pessoa física (co-responsabilidade principal)
Palavra de ordem Ivanovsky
Outra parte do nome não tomada para palavra de ordem Élisabeth
Código de função Ilustrador / Técnico de desenho computorizado
702 #1 - Nome de autor-pessoa física (responsabilidade secundária)
Número de registo de entrada de autoridade 0000596
Palavra de ordem Alberty
Outra parte do nome não tomada para palavra de ordem Ricardo
Datas 1919-1992
Código de função Tradutor
942 ## - Elementos de entrada adicionados (Koha)
Tipo de item no Koha Livro
Exemplares
Situação do levantamento Origin of item (home branch) (coded) Biblioteca de empréstimo Código de barras Cota Circulation type (not for loan) Tipo de documento Nota do exemplar Damaged status
  Biblioteca Escolar da Coca Maravilhas Biblioteca Escolar da Coca Maravilhas BECM6130/03 8EST IVA   Livro Sem mensagem